Plutarco Ela̕s Calles Correspondencia personal 1919-1945 (Tomo I) /

Bibliographic Details
Main Author: Maca̕s, Carlos
Format: eBook
Language:Spanish
Published: Ciudad de Mx̌ico: Cm̀ara de Diputados, 2010
Subjects:
Online Access:Acceso restringido

MARC

LEADER 00000nam a22000007a 4500
005 20171205172252.0
007 cr|||| ||||
008 171205s2010 mx |||||s|||| 00||0 spa d
020 |a 968-16-3623-6 
035 |a 20785 
040 |a vLex 
090 |c 7264  |d 7264 
100 1 |a Maca̕s, Carlos 
245 1 0 |a Plutarco Ela̕s Calles  |h [Recurso electrn̤ico]:  |b Correspondencia personal 1919-1945 (Tomo I) /  |c Carlos Maca̕s 
256 |a Servicio en ln̕ea 
260 |a Ciudad de Mx̌ico:  |b Cm̀ara de Diputados,  |c 2010 
300 |a 1 recurso electrn̤ico (585p.) 
500 |a Segunda edicin̤. Tomo I. 
506 1 |a Disponible solo en los productos indicados  |d vLex Global  |d vLex Global (Academic Edition, excluding Law Schools)  |d vLex Global (U.S. Academic Edition, Law Schools)  |d vLex Global (U.S. Academic Edition, excluding Law Schools)  |d vLex Global (Academic Edition, Law Schools) 
650 0 4 |a Ciencias sociales  |z Mx̌ico 
740 0 |a vLex Libros (Servicio en ln̕ea) 
856 4 0 |u http://vlex.com/source/plutarco-elias-calles-correspondencia-personal-1919-1945-tomo-i-20785  |z Acceso restringido 
942 |c BOOK 
999 0 |a Social science